000 00702nam a2200241Ia 4500
003 GCL
008 140319s9999 xx 000 0 ara d
020 _a1137801977
040 _aGCL /
_cGCL
082 0 4 _a172
_bم ى
100 1 _aمور، توماس
245 1 0 _aيوتوبيا /
_cمور، توماس
700 1 _aانجيل بطرس سمعان
250 _aالثانية
260 _aالقاهرة :
_bالهيئة المصرية العامة للكتاب ،
_c1987
300 _a240 ص ؛
_c19 سم
650 0 4 _aالفلسفة
650 0 4 _aالمثالية
650 0 4 _aالمدن الفاضلة
650 0 4 _aالفضائل
650 0 4 _aيوتوبيا
942 _2ddc
_cBK
999 _c45919
_d45919